| 000 | 00826nam a22002175i 4500 | ||
|---|---|---|---|
| 001 | 169147 | ||
| 003 | ES-MaACL | ||
| 005 | 20251216165939.0 | ||
| 008 | 080819s1980 sp |||| | spa d | ||
| 080 | _a73 Miró, Joan (083.824) | ||
| 100 | 1 |
_aMiró, Joan. _981604 |
|
| 245 | 1 | 0 |
_aMiró escultor _b: del 28 [de] noviembre al 23 [de] diciembre de 1980, Sala de Exposiciones del Centro de Servicios de la Caja de Pensiones "la Caixa", Madrid. |
| 260 |
_a[Barcelona] : _bla Caixa, _c[1980] |
||
| 300 |
_a[78] p. : _bil. ; _c30 cm. |
||
| 600 | 0 | 4 |
_aMiró, Joan, _d1893-1983- _vExposiciones _981605 |
| 655 | 7 |
_2tgfbne _9193628 _aCatálogos de exposiciones |
|
| 710 | 2 |
_aCaja de Pensiones para la Vejez y de Ahorros de Cataluña y Baleares. _92328 |
|
| 852 | 4 |
_aES-MaACL _jL-29582 |
|
| 942 | _2udc | ||
| 999 |
_c169147 _d169147 |
||